| 000 | 08484nam0a22005291 4500 | ||
|---|---|---|---|
| 001 | RU\NLR\BIBL_A\011624853 | ||
| 005 | 20260408065712.0 | ||
| 035 | _a(NLR Aleph) 011624853 | ||
| 090 |
_a11003098 _c11003098 |
||
| 100 | _a20180208j18020826|||y0rusy50 ca | ||
| 101 | 0 | _arus | |
| 102 | _aRU | ||
| 105 | _ay n 000yy | ||
| 200 | 1 |
_aУказ его императорскаго величества самодержца всероссийскаго, _e[О покупке крестьян к заводам и фабрикам из расположенных к оным мест поблизости] _fиз Правительствующаго Сената объявляется всенародно. |
|
| 210 |
_aПечатан в Санктпетербурге _cпри Сенате _dавгуста 26 дня 1802 года |
||
| 215 |
_a[4] с. _d2° |
||
| 300 | _aИменной указ от 31 июля 1802 г., данный Сенату | ||
| 300 | _aСлева от М.П. на с.[4]: Подлинный за подписанием Правительствующаго Сената | ||
| 304 | _aТекст нчаинается словами: В имянном его императорскаго величества высочайшем указе, данном Правительствующему Сенату минувшаго июля в 31 й день за собственноручным его величества подписанием, изображено: "Дошло до сведения нашего, что по иску титулярной советницы Пирамидовой на титулярном советнике Аммосе Демидове..." | ||
| 304 | _aНазв. указа дано по ПСЗ | ||
| 306 | _aВых. дан. указаны справа от М.П. | ||
| 316 |
_aЭкз. РНБ (18.88.1.1-4-170) является частью владельч. конволюта. Припл. к: Указ его императорскаго величества самодержца всероссийскаго,: [О признании: г. Лессепса генеральным комиссаром купеческих дел Французской республики, г. Руффина унтер-комиссаром в Санкт-Петербурге] / из Правительствующаго Сената. - [Б.м., июль 1802]. В правом верхнем углу на с.[1] и с.[3] от руки написан порядковый номер аллигата: 170 _5NLR: 18.88.1.1-4-170 |
||
| 321 | _aПСЗ. Т.27. 20352 | ||
| 327 | 1 | _aИз содерж.: Указ его императорскаго величества самодержца всероссийскаго,: [О рассылке именного указа от 31 июля 1802 года "О покупке крестьян к заводам и фабрикам из расположенных к оным мест поблизости"] / из Правительствующаго Сената объявляется всенародно. - С.[1] | |
| 464 | 0 |
_12001#$aУказ его императорскаго величества самодержца всероссийскаго,$e[О рассылке именного указа от 31 июля 1802 года "О покупке крестьян к заводам и фабрикам из расположенных к оным мест поблизости"]$fиз Правительствующаго Сената объявляется всенародно. _1215##$aС.[1] _1300##$aВ левом нижнем углу: По 1 му департаменту _1304##$aТекст начинается словами: Каков минувшаго июля в 31 день состоялся имянный его императорскаго величества высочайший указ, данный Правительствующему Сенату за собственноручным его величества подписанием, о дозволении покупки к заводам и фабрикам... _1306##$aВ конце текста дата рассылки: Августа дня 1802 года _15171#$aКаков минувшаго июля в 31 день состоялся имянный его императорскаго величества высочайший указ, данный Правительствующему Сенату за собственноручным его величества подписанием, о дозволении покупки к заводам и фабрикам... _15181#$aКаков минувшего июля в 31 день состоялся именной его императорского величества высочайший указ, данный Правительствующему Сенату за собственноручным его величества подписанием, о дозволении покупки к заводам и фабрикам... _tУказ его императорскаго величества самодержца всероссийскаго, |
|
| 482 | 0 |
_1RU\NLR\BIBL_A\011598109 _12001#$aУказ его императорскаго величества самодержца всероссийскаго,$e[О признании: г. Лессепса генеральным комиссаром купеческих дел Французской республики, г. Руффина унтер-комиссаром в Санкт-Петербурге]$fиз Правительствующаго Сената _1210##$a[Б.м.$dиюль 1802] _tУказ его императорскаго величества самодержца всероссийскаго, |
|
| 517 | 1 | _aО покупке крестьян к заводам и фабрикам из расположенных к оным мест поблизости | |
| 517 | 1 | _aВ имянном его императорскаго величества высочайшем указе, данном Правительствующему Сенату минувшаго июля в 31 й день за собственноручным его величества подписанием, изображено: "Дошло до сведения нашего, что по иску титулярной советницы Пирамидовой на титулярном советнике Аммосе Демидове..." | |
| 517 | 1 | _aДошло до сведения нашего, что по иску титулярной советницы Пирамидовой на титулярном советнике Аммосе Демидове... | |
| 518 | 1 | _aУказ его императорского величества самодержца всероссийского | |
| 518 | 1 | _aВ именном его императорского величества высочайшем указе, данном Правительствующему Сенату минувшего июля в 31 й день за собственноручным его величества подписанием, изображено: "Дошло до сведения нашего, что по иску титулярной советницы Пирамидовой на титулярном советнике Аммосе Демидове..." | |
| 606 | 1 |
_aЗаконодательство _yРоссия _z1801 - 1825 _92280395 _3RU\NLR\AUTH\6601594564 |
|
| 620 | _aСанкт-Петербург | ||
| 686 | _aХ2(2)47-3 | ||
| 702 | 0 |
_4720 _7ca _8rus _aАлександр _cимператор российский _dI _f1777-1825 _9115306 _3RU\NLR\AUTH\775342 |
|
| 702 | 1 |
_4570 _7ca _8rus _aПирамидова _bО. Г. _f1763-1821 _gОльга Григорьевна _9184461 _3RU\NLR\AUTH\770184512 |
|
| 702 | 1 |
_4570 _7ca _8rus _aДемидов _bА. П. _f1753-1806 _gАммос Прокофьевич _9184463 _3RU\NLR\AUTH\770184514 |
|
| 710 | 0 | 1 |
_4720 _aРоссия _bИмператор _c1801-1825; Александр I _9584940 _3RU\NLR\AUTH\8810042745 |
| 711 | 0 | 1 |
_4570 _aРоссия _bСенат _9392688 _3RU\NLR\AUTH\889948534 |
| 712 | 0 | 2 |
_4610 _aСенатская типография _cПетербург _9375085 _3RU\NLR\AUTH\889940127 |
| 852 |
_aNLR _j18.88.1.1-4-170 |
||
| 942 | _cBOOK | ||
| 980 | _aNB | ||
| 980 | _aA1XVIIIv | ||
| 980 | _aA1UKAZ | ||